000
00213 a2200109 4500
020
_a
978999223067
041
_a
spa
100
_a
Rodrg̕uez, Vc̕tor
245
_a
Estudios Sociales 5
942
_c
BK
952
_7
1
999
_c
18215
_d
18215